| 000 | 00960ngm a22003250a 4500 | ||
|---|---|---|---|
| 001 | PT16234 | ||
| 003 | AR-LpoUNG | ||
| 005 | 20210201232401.0 | ||
| 007 | co ||u|||uuuuu | ||
| 008 | 191001s2002||||sp |||||||||||||||||spa d | ||
| 020 |
_a844151299X _c$33.66 |
||
| 040 |
_aAR-LpoUNG _bspa _cAR-LpoUNG _eaacr |
||
| 041 | _aspa | ||
| 044 | _asp | ||
| 082 | 0 | _a005.369 894bib | |
| 100 | 1 | _aWoods, Cat | |
| 245 | 1 | 3 | _aLa biblia de 3ds max 4 |
| 250 | _a1§ edición | ||
| 260 |
_aMadrid : _bAnaya, _c2002. |
||
| 300 | _agráfs., il., tbls. | ||
| 520 | _aCD-ROM con todos los archivos max y archivos de ayuda para completar los ejercicios del libro, animaciones, y versiones de evaluación de programas de gran utilidad para el lector. | ||
| 650 | 4 | _aDISEÑO | |
| 650 | 4 | _aINFORMATICA | |
| 650 | 4 | _aPROGRAMAS DE COMPUTADORAS | |
| 650 | 4 | _aTECNOLOGIA | |
| 700 | 1 | _aBicalho, Alexander | |
| 700 | 1 | _aMurray, Chris | |
| 905 | _a16234 | ||
| 942 | _cCDDVD | ||
| 999 |
_c53537 _d53537 |
||